00729nam a2200181 a 4500003000200000005001700002008004100019050002800060100003000088245009100118260009200209300004000301504004100341650002400382650004400406650004900450650004800499020250508140052.0021114s19uu xx 00 eng d aPGS LB 3609b.R886 2002 aRoxas, Kisha Marie Trinos aPressures encountered by grade six honor students of Southville International School / aLas Piñas City, Philippines : bSouthville International School and Colleges,c2002. a18 pages :billustrations ;c28 cm. aIncludes bibliographical references. aStress in children. aHonor students vPsychological aspects. aAcademic achievementvPsychological aspects. aElementary school students vMental health.